Province che confinano con la Città metropolitana di Roma Capitale - Statistics

Statistiche generali
  • Questo quiz è stato fatto 26 volte
  • Il punteggio medio è 5 su 5
Statistiche sulle risposte
Regione Provincia % Corretto
Lazio Provincia di Frosinone
100%
Lazio Provincia di Latina
100%
Lazio Provincia di Viterbo
100%
Lazio Provincia di Rieti
96%
Abruzzo Provincia dell'Aquila
78%
Nessun quiz corrispondente trovato
Distribuzione punteggi
Percentuale di utenti per punteggio
Percentile per numero di risposta
I tuoi punteggi nel tempo
Non hai fatto questo quiz